STN EN 45544-2: 2001, [neplatná] (83 3635) Ovzdušie na pracovisku. Elektrické prístroje používané na priamu detekciu a priame meranie koncentrácie toxických plynov a pár Časť 2 Funkčné požiadavky na prístroje používané na meranie koncentrácií v oblasti limitných hodnôt

Bibliographic Details
Format: Book
Language:Undetermined
PhysicalDescription:12 s.
Published: Bratislava Slovenský ústav technickej normalizácie 2001
Subjects:

MARC

LEADER 00000cam a2200000 a 4500
001 vtls001447151
003 SK-MaSNL
005 20260302002200.0
008 180126s2001 xo 0 und
035 |a SNK000402407 
040 |a SNK  |b slo  |c SNK  |e AACR2 
044 |a xo  |c SK 
046 |a m  |m 200110 (účin. )  |n 201711 
072 7 |a 331  |x Práca  |2 konspekt 
080 |a 331.101.1  |2 2011 
130 0 |a STN 83 3635 [neplatná] (STN EN 45544-2)  |9 639224 
245 1 |a STN EN 45544-2: 2001, [neplatná] (83 3635) Ovzdušie na pracovisku. Elektrické prístroje používané na priamu detekciu a priame meranie koncentrácie toxických plynov a pár  |n Časť 2  |p Funkčné požiadavky na prístroje používané na meranie koncentrácií v oblasti limitných hodnôt 
260 |a Bratislava  |b Slovenský ústav technickej normalizácie  |c 2001 
300 |a 12 s. 
650 0 7 |a ergonómia  |2 SNKPH  |9 19132 
650 0 7 |a Human engineering  |2 SNKPHeng  |9 300387 
852 |a Štátna vedecká knižnica v Banskej Bystrici 
999 |c 986941  |d 988871 
952 |t P60, <03>, [BOOK], {603}  |a SNK  |b SNK  |y PREZ  |7 0  |p 17A0369894  |o snkSTN EN 45544-2  |i snkN 2497/2002  |0 0  |1 0  |4 0  |d 2002-12-27  |l 0  |r 2005-01-02 00:00:00  |w 2026-02-24 
952 |a SNK  |b SNK  |y PREZ  |7 0  |p 17A0369895  |o snkSTN EN 45544-2 D1  |i snkN 2498/2002  |0 0  |1 0  |4 0  |d 2002-12-27  |l 0  |r 2005-01-02 00:00:00  |w 2026-02-24